| 000 | 01161nam a22003137a 4500 | ||
|---|---|---|---|
| 003 | CHAP | ||
| 005 | 20220329140845.0 | ||
| 008 | 971013s1986 r 00010 d | ||
| 010 | _a58751 | ||
| 011 | _a59723 | ||
| 035 | _a63883 | ||
| 040 | _cCHAP | ||
| 082 |
_a630.72 _bI48v 1986 |
||
| 110 |
_aINIFAP. México. Campo Agrícola Experimental Valle del Guadiana _958748 |
||
| 245 | _aGuía para la asistencia técnica agrícola área de influencia del campo... | ||
| 260 |
_aDurango, Dgo. : _bEl Instituto, _c1986 |
||
| 300 | _a116 p. | ||
| 590 |
_aBATCH-UPD _b10 _c20130110 _lUCH01 _h1156 |
||
| 590 |
_aBATCH-UPD _b10 _c20130410 _lUCH01 _h0739 |
||
| 590 |
_aCONVERSION _b10 _c20130109 _lUCH01 _h1332 |
||
| 650 | 1 | 4 |
_aAgricultura _xDurango. _91407 |
| 650 | 1 | 4 |
_aAgricultura _xInvestigacion _xDurango. _91619 |
| 901 | _aBK | ||
| 942 | _cLIBRO | ||
| 949 |
_a630.72 I48v 1986 _bBC _cC _d33724000526216 _eC _fc.3 _h71869 _i63883 _si |
||
| 949 |
_a630.72 I48v 1986 _bBC _cC _d33724000526596 _eC _fc.4 _h72701 _i63883 _si |
||
| 949 |
_a630.72 I48v 1986 _bBC _cC _d33724000557641 _eC _h71621 _i63883 _mD _si |
||
| 949 |
_a630.72 I48v 1986 _bBC _cC _d33724000562625 _eC _fc.2 _h71622 _i63883 _mD _si |
||
| 999 |
_c58751 _d58751 |
||